logo

Bir Sreshtho Munshi Abdur Rouf Library
Jhenaidah Cadet College

Electric machines : (Record no. 14246)

MARC details
000 -LEADER
fixed length control field 00706nam a2200229 a 4500
001 - CONTROL NUMBER
JCCL Control Number 14246
003 - CONTROL NUMBER IDENTIFIER
JCCL marc code BD-JhCC
005 - DATE AND TIME OF LATEST TRANSACTION
control field 20250224122706.0
008 - FIXED-LENGTH DATA ELEMENTS--GENERAL INFORMATION
fixed length control field 250224b1991 e a|||| ||a| 001 0 eng d
020 ## - INTERNATIONAL STANDARD BOOK NUMBER
International Standard Book Number 0029465184
035 ## - SYSTEM CONTROL NUMBER
system control number (BD-JhCC)14246
040 ## - CATALOGING SOURCE
Original cataloging agency BD-JhCC
Modifying agency BD-JhCC
041 ## - LANGUAGE CODE
Language code of Book english
082 ## - DEWEY DECIMAL CLASSIFICATION NUMBER
Classification number 620
Author mark and Year HUB 1991
100 ## - MAIN ENTRY--PERSONAL NAME
Personal name Hubert,Charles I.
245 ## - TITLE STATEMENT
Title Electric machines :
Remainder of title theory, operation, applications, adjustment, and control /
Statement of responsibility, etc Charles I. Hubert.
260 ## - PUBLICATION, DISTRIBUTION, ETC. (IMPRINT)
Place of publication, distribution, etc London:
Name of publisher, distributor, etc Merrill, an imprint of Macmillan Pub;
Date of publication, distribution, etc 1991.
300 ## - PHYSICAL DESCRIPTION
Pagination xx, 556 p. :
Other physical details ill. ;
Dimensions 24 cm.
650 ## - SUBJECT ADDED ENTRY--TOPICAL TERM
Topical term or geographic name as entry element Electrical engineering
Geographic subdivision Engineering & Applied Operations
942 ## - ADDED ENTRY ELEMENTS (KOHA)
Source of classification or shelving scheme Dewey Decimal Classification
Koha item type Books
Holdings
Source of classification or shelving scheme Damaged status Not for loan Home library Current library Shelving location Date of accession Source of acquisition Total Checkouts Full call number Barcode Date last seen Copy number Method of acquisition Koha item type Currency
Dewey Decimal Classification     JCC Rouf Library JCC Rouf Library General Stacks   With the Compliments Of Shahriar Imtiaz Rahman 27/1483/K   620 HUB 1991 19897 02/24/2025 C-1 Gift/Donation Books BDT

JCC Library | Contacts | JCC Home

Last Update on 23 September 2017
Copyright @ 2017-2020 JCC Rouf Library
Rouf Library, Jhenidah Cadet College (JCC), Bangladesh